000 00768nam0a22002291 4500
001 rc\2644920
005 20250529190424.0
035 _a(NLR Aleph) 006952669
090 _a5263275
_c5263275
100 _a20110607d1931 |||y0rusy50 ca
101 0 _arus
102 _aRU
105 _ay z |||||
200 1 _aВнимание культурам нута и фасоли
_fА.Х. Дампель
_gСевкавполеводживсоюз. Союзхлеб. Крайколхозсоюз ...
210 _aРостов н/Д.
_cБ. и.
_d1931
_gгостип. им. Калинина
215 _a15 с.
_d21х15 см
700 1 _aДампель
_bА.Х.
801 0 _aRU
_bNLR
_gpsbo
801 1 _aRU
_bELAR
_2rusmarc
852 _aNLR
_j31-10/4016
942 _cBOOK
980 _aNB